2010 World Cup England Squad - Statistics

General Stats
  • This quiz has been taken 51 times
  • The average score is 16 of 23
Answer Stats
Club Position Answer % Correct
Chelsea CM Frank Lampard
98%
Manchester City GK Joe Hart
98%
Liverpool CM Steven Gerrard
95%
Manchester United ST Wayne Rooney
95%
Chelsea CB John Terry
89%
Chelsea LB Ashley Cole
86%
Chelsea CAM Joe Cole
86%
Portsmouth GK David James
80%
Liverpool CB Jamie Carragher
80%
Spurs ST Jermaine Defoe
80%
Manchester City DM Gareth Barry
75%
Liverpool RB Glen Johnson
75%
Spurs ST Peter Crouch
75%
Spurs RM Aaron Lennon
73%
Aston Villa CM James Milner
73%
Manchester United DM Michael Carrick
73%
Spurs CB Ledley King
66%
West Ham GK Robert Green
61%
Aston Villa ST Emile Heskey
52%
West Ham CB Matthew Upson
50%
Manchester City RM Shaun Wright-Phillips
41%
West Ham CB Michael Dawson
25%
Aston Villa LB Stephen Warnock
18%
No matching quizzes found
Score Distribution
Percent of People with Each Score
Percentile by Number Answered
Your Score History
You have not taken this quiz